<?xml version="1.0" encoding="UTF-8"?>
<marc:record xmlns:marc="http://www.loc.gov/MARC21/slim">
   <marc:leader>00000nam a2200000 a 4500</marc:leader>
   <marc:datafield ind1="1" ind2=" " tag="100">
      <marc:subfield code="a">Hell, Jane</marc:subfield>
      <marc:subfield code="4">aut</marc:subfield>
      <marc:subfield code="e">Verfasser/-in</marc:subfield>
   </marc:datafield>
   <marc:datafield ind1=" " ind2=" " tag="653">
      <marc:subfield code="a">Liebesroman</marc:subfield>
   </marc:datafield>
   <marc:datafield ind1=" " ind2=" " tag="653">
      <marc:subfield code="a">Sommerlektüre</marc:subfield>
   </marc:datafield>
   <marc:datafield ind1="0" ind2="0" tag="245">
      <marc:subfield code="a">Fischbrötchen und Zuckerstreusel - Förderliebe</marc:subfield>
   </marc:datafield>
   <marc:datafield ind1="0" ind2="0" tag="245">
      <marc:subfield code="b">Ein Ostseeroman</marc:subfield>
   </marc:datafield>
   <marc:datafield ind1="0" ind2="0" tag="245">
      <marc:subfield code="c">Jane Hell</marc:subfield>
   </marc:datafield>
   <marc:datafield ind1=" " ind2="1" tag="264">
      <marc:subfield code="a">Vachendorf</marc:subfield>
      <marc:subfield code="b">Kampenwand Verlag</marc:subfield>
      <marc:subfield code="c">2021</marc:subfield>
   </marc:datafield>
   <marc:datafield ind1="1" ind2=" " tag="490">
      <marc:subfield code="a">Fördeliebe</marc:subfield>
      <marc:subfield code="v">Band: 1</marc:subfield>
   </marc:datafield>
   <marc:datafield ind1=" " ind2=" " tag="250">
      <marc:subfield code="a">1. Auflage</marc:subfield>
   </marc:datafield>
   <marc:datafield ind1="1" ind2=" " tag="520">
      <marc:subfield code="a">Zwischen Pizza und alten Fotoalben vergräbt sich Anni in ihrer Berliner Studenten-WG. Ihr Freund hat sie betrogen. Anni suhlt sich in ihrem Herzschmerz. Doch dann klingelt das Telefon: ein familiärer Notfall. Kurzentschlossen pack Anni ihre Sachen und fährt ins abgelegene Eckernförde an die Ostsee. Dort springt sie im Strandcafe ihrer Tante ein Es ist Hauptsaison und so muss sie sich mit Koch Kjell die Wohnung über dem Café teilen. Die beiden geraten gehörig aneinander. Trotzdem ist da dieses Bauchkribbeln in seiner Gegenwart. - Unerwartet taucht Annis Ex im Cafe auf und bittet sie um Verzeihung. Zu allem Überfluss nistet er sich bei Anni und Kjell in der Strandcafe-WG ein. Anni trifft eine Entscheidung. Doch ein blaues Auge und ihr Herz bringen alles durcheinander...</marc:subfield>
   </marc:datafield>
   <marc:datafield ind1=" " ind2=" " tag="020">
      <marc:subfield code="a">9783947738878</marc:subfield>
      <marc:subfield code="9">9783947738878</marc:subfield>
   </marc:datafield>
   <marc:datafield ind1=" " ind2=" " tag="020">
      <marc:subfield code="a">3947738870</marc:subfield>
      <marc:subfield code="9">3947738870</marc:subfield>
   </marc:datafield>
   <marc:datafield ind1="3" ind2=" " tag="024">
      <marc:subfield code="a">9783947738878</marc:subfield>
   </marc:datafield>
   <marc:datafield ind1=" " ind2=" " tag="041">
      <marc:subfield code="a">ger</marc:subfield>
   </marc:datafield>
   <marc:datafield ind1="0" ind2=" " tag="490">
      <marc:subfield code="v">0</marc:subfield>
   </marc:datafield>
   <marc:datafield ind1=" " ind2=" " tag="300">
      <marc:subfield code="a">261 Seiten</marc:subfield>
   </marc:datafield>
</marc:record>
